Vista normal Vista MARC

Entrada Materia (reunión)

Número de registros utilizados en: 1

001 - CONTROL NUMBER

  • control field: 83452

003 - CONTROL NUMBER IDENTIFIER

  • control field: Co-BoUCM

005 - DATE AND TIME OF LATEST TRANSACTION

  • control field: 20170118161958.0

008 - FIXED-LENGTH DATA ELEMENTS

  • fixed length control field: 170118|| aca||aabn | a|a d

040 ## - CATALOGING SOURCE

  • Original cataloging agency: Co-BoUCM
  • Transcribing agency: Co-BoUCM

111 ## - HEADING--MEETING NAME

  • Meeting name or jurisdiction name as entry element: Congreso Colombiano de Geografía (10 : 1987 4-7 Agosto : Armenia)

670 ## - SOURCE DATA FOUND

  • Source citation: Work cat.: (Co-BoUCM)35576: Congreso Colombiano de Geografía (10 : 1987 4-7 Agosto : Armenia), Décimo congreso colombiano de geografía, 1988